[Event "4NCL 2023-24"]
[Site "England ENG"]
[Date "2024.02.10"]
[Round "5.6"]
[Board "5"]
[White "Chan, Sheng Liang Bernard"]
[Black "Derakhshani, Borna"]
[Result "1-0"]
[BlackTitle "FM"]
[WhiteElo "2082"]
[BlackElo "2355"]
[WhiteTeam "Chessable White Rose 2"]
[BlackTeam "Wood Green Youth"]
[WhiteFideId "5712858"]
[BlackFideId "12518450"]
[EventDate "2023.11.11"]

1. d4 Nf6 2. Bf4 e6 3. e3 c5 4. Nf3 Nc6 5. c3 h6 6. h3 d5 7. Bd3 Bd6 8. dxc5
Bxc5 9. O-O O-O 10. Nbd2 Re8 11. b4 Bf8 12. b5 Nb8 13. Qe2 Nbd7 14. e4 Nc5 15.
e5 Nxd3 16. Qxd3 Nd7 17. Nb3 Nb6 18. a4 Bd7 19. Be3 Rc8 20. Bd4 Qc7 21. Rfb1 Nc4
22. Nbd2 a6 23. Nxc4 dxc4 24. Qe4 Ra8 25. b6 Qc8 26. Nd2 Bc6 27. Qg4 Bd5 28. Ne4
Kh8 29. Qf4 Qc6 30. Re1 Rac8 31. Re3 Red8 32. Nd6 Rxd6 33. exd6 Qxd6 34. Be5 Qe7
35. Qxh6+ Kg8 36. Rg3 f5 37. Qf4 Rc6 38. Qd4 Qf7 39. Re1 g6 40. Qh4 Bg7 41. Bxg7
Kxg7 42. Qd4+ Qf6 43. Qf4 Be4 44. Qb8 Qe7 45. Rge3 Bd5 46. a5 Rd6 47. Rd1 Kf7
48. Qh8 Qf6 49. Qh7+ Qg7 50. Qxg7+ Kxg7 51. Re5 Kf6 52. f4 Rc6 53. Rdxd5 exd5
54. Rxd5 Ke6 55. Re5+ Kf6 56. Kf2 g5 57. g3 Rc8 58. h4 g4 59. h5 Rd8 60. h6 Rd2+
61. Re2 Rd7 62. Ke1 Kg6 63. Rd2 Re7+ 64. Kf2 Kxh6 65. Rd4 Kg6 66. Rxc4 Rd7 67.
Rd4 Rh7 68. Rd6+ Kh5 69. Rf6 Rd7 70. Rxf5+ Kh6 71. Ke3 1-0

[Event "4NCL 2023-24"]
[Site "England ENG"]
[Date "2024.02.10"]
[Round "5.6"]
[Board "6"]
[White "Czopor, Maciej"]
[Black "Walton, Alan J"]
[Result "1-0"]
[WhiteTitle "FM"]
[BlackTitle "CM"]
[WhiteElo "2359"]
[BlackElo "2021"]
[WhiteTeam "Wood Green Youth"]
[BlackTeam "Chessable White Rose 2"]
[WhiteFideId "21805431"]
[BlackFideId "409898"]
[EventDate "2023.11.11"]

1. e4 e6 2. d4 d5 3. e5 c5 4. c3 Nc6 5. Nf3 Qb6 6. Bd3 cxd4 7. O-O Bd7 8. Nbd2
Rc8 9. Nb3 dxc3 10. bxc3 Qc7 11. Qe2 Na5 12. Nbd4 a6 13. Rb1 Ne7 14. h4 Nec6 15.
h5 Bc5 16. h6 g6 17. Bg5 Be7 18. Bxe7 Nxe7 19. Rfc1 Nc4 20. Bxc4 dxc4 21. Nh2
Nd5 22. Ng4 b5 23. Nf3 Bc6 24. Ng5 Qe7 25. Ne4 O-O 26. Nef6+ Kh8 27. Qd2 Nxf6
28. Nxf6 Rfd8 29. Qg5 Rd3 30. Nxh7 Qxg5 31. Nxg5 Kg8 32. f3 Rcd8 33. Kf2 Rd2+
34. Kg3 Be8 35. Ne4 R2d3 36. Nf6+ Kh8 37. a4 Bc6 38. axb5 Bxb5 39. Rb2 Re3 40.
Kf4 Rdd3 41. Ng4 Rxc3 42. Nxe3 Rxc1 43. Rd2 c3 44. Rd8+ Kh7 45. Ng4 Rg1 46. Rc8
Rxg2 47. Rxc3 1-0

[Event "4NCL 2023-24"]
[Site "England ENG"]
[Date "2024.02.10"]
[Round "5.6"]
[Board "7"]
[White "Wills, Tom"]
[Black "O'Donnell, Conor"]
[Result "0-1"]
[BlackTitle "FM"]
[WhiteElo "1936"]
[BlackElo "2284"]
[WhiteTeam "Chessable White Rose 2"]
[BlackTeam "Wood Green Youth"]
[WhiteFideId "458651"]
[BlackFideId "2504243"]
[EventDate "2023.11.11"]

1. e4 c5 2. Nf3 Nc6 3. Bb5 e6 4. O-O Nge7 5. Re1 b6 6. Bf1 Bb7 7. c3 d5 8. exd5
Nxd5 9. Na3 Be7 10. Nc2 Qc7 11. d4 Rd8 12. Bd2 O-O 13. Qc1 cxd4 14. Ncxd4 Nxd4
15. Nxd4 Bd6 16. h3 Nf4 17. Bxf4 Bxf4 18. Qb1 e5 19. Nb3 e4 20. Qc2 Rde8 21. g3
Bd6 22. Nd4 e3 23. f4 Bc5 24. Bg2 Bxd4 25. Bxb7 e2+ 26. Kh2 Qxb7 27. cxd4 Qf3 0-1

[Event "4NCL 2023-24"]
[Site "England ENG"]
[Date "2024.02.10"]
[Round "5.6"]
[Board "8"]
[White "Kalaiyalahan, Akshaya"]
[Black "Flint, Martina"]
[Result "1-0"]
[WhiteTitle "FM"]
[WhiteElo "2137"]
[BlackElo "1888"]
[WhiteTeam "Wood Green Youth"]
[BlackTeam "Chessable White Rose 2"]
[WhiteFideId "422894"]
[BlackFideId "421383"]
[EventDate "2023.11.11"]

1. d4 Nf6 2. c4 g6 3. g3 Bg7 4. Bg2 O-O 5. Nc3 d6 6. Nf3 c6 7. O-O Qc7 8. e4 e5
9. h3 a6 10. a4 a5 11. Be3 Na6 12. Rc1 Qe7 13. Re1 Bd7 14. Qc2 Nb4 15. Qd2 c5
16. d5 Nh5 17. Qd1 Nf6 18. Nh2 Nh5 19. Nb5 Bxb5 20. axb5 b6 21. Ra1 Kh8 22. Bd2
Qc7 23. Bc3 Rae8 24. Qd2 f5 25. Nf3 fxe4 26. Rxe4 Bf6 27. h4 Qd7 28. Ng5 Bxg5
29. hxg5 Kg8 30. b3 Rf7 31. Rf1 Ref8 32. Kh2 Ng7 33. Bh3 Nf5 34. f4 exf4 35.
Rfxf4 Qd8 36. Bf6 Rxf6 37. gxf6 Qxf6 38. g4 Qg5 39. gxf5 gxf5 40. Rg4 1-0

[Event "4NCL 2023-24"]
[Site "England ENG"]
[Date "2024.02.11"]
[Round "6.1"]
[Board "1"]
[White "Royal, Shreyas"]
[Black "Svane, Rasmus"]
[Result "0-1"]
[WhiteTitle "IM"]
[BlackTitle "GM"]
[WhiteElo "2457"]
[BlackElo "2623"]
[WhiteTeam "Wood Green Youth"]
[BlackTeam "Manx Liberty"]
[WhiteFideId "448869"]
[BlackFideId "4657101"]
[EventDate "2023.11.11"]

1. d4 Nf6 2. c4 e6 3. Nc3 Bb4 4. e3 O-O 5. Bd3 c5 6. Nf3 d5 7. cxd5 exd5 8. dxc5
Bg4 9. O-O Bxc5 10. b3 Nc6 11. Bb2 a6 12. Be2 Ba7 13. h3 Be6 14. Rc1 Rc8 15. Rc2
Qe7 16. Rd2 Rfd8 17. Bd3 Bc5 18. Qa1 d4 19. exd4 Nxd4 20. Nxd4 Bxd4 21. Nd5 Nxd5
22. Bxd4 Nf4 23. Rfd1 Qg5 24. Be4 Nxh3+ 25. Kf1 Nf4 26. g3 Qb5+ 27. Kg1 Nh3+ 28.
Kg2 Ng5 29. f3 Nxe4 30. fxe4 Qg5 31. Qb2 Qg4 32. Re1 h5 33. Be5 h4 34. Kf2 Qg5
35. Red1 Rxd2+ 36. Rxd2 h3 37. Bf4 Qh5 38. Qe5 Qxe5 39. Bxe5 Rc1 40. Kf3 f6 41.
Bb8 g5 42. Ba7 g4+ 43. Ke3 Rc3+ 44. Kf2 Rf3+ 45. Kg1 Rxg3+ 46. Kh2 Rf3 47. Bf2
Kf7 48. Bh4 Re3 49. Rf2 Rxe4 50. Bxf6 Ke8 51. Rd2 a5 52. Bd4 Rf4 53. Bc5 Rf3 54.
Bd6 b5 55. Bg3 Re3 56. Bf2 Rc3 57. Be1 Re3 58. Bf2 Rf3 59. Bg3 a4 60. bxa4 bxa4
61. Bd6 Re3 62. a3 Rc3 63. Rd4 Rc2+ 64. Kh1 Bd7 65. Re4+ Kd8 66. Rd4 Kc8 67. Kg1
g3 68. Bxg3 Rg2+ 69. Kh1 Rxg3 70. Rc4+ Kd8 0-1

[Event "4NCL 2023-24"]
[Site "England ENG"]
[Date "2024.02.11"]
[Round "6.1"]
[Board "2"]
[White "Svane, Frederik"]
[Black "Bazakutsa, Svyatoslav"]
[Result "0-1"]
[WhiteTitle "GM"]
[BlackTitle "IM"]
[WhiteElo "2617"]
[BlackElo "2462"]
[WhiteTeam "Manx Liberty"]
[BlackTeam "Wood Green Youth"]
[WhiteFideId "12923044"]
[BlackFideId "14198525"]
[EventDate "2023.11.11"]

1. e4 c6 2. Nf3 d5 3. Nc3 dxe4 4. Nxe4 Nf6 5. Qe2 Nxe4 6. Qxe4 Qd5 7. Qf4 Qf5 8.
Qe3 Nd7 9. Bd3 Qc5 10. Qe2 g6 11. O-O Bg7 12. Re1 O-O 13. Bc4 e5 14. d3 b5 15.
Bb3 Qd6 16. Bg5 Bb7 17. d4 Rae8 18. dxe5 Nxe5 19. Rad1 Qb8 20. Bf4 c5 21. Nxe5
c4 22. c3 cxb3 23. Qxb5 a6 24. Qa5 bxa2 25. Nxg6 Qd8 26. Bc7 Rxe1+ 27. Rxe1 Re8
28. Rf1 Qd5 29. Nf4 Qxa5 30. Bxa5 Be4 31. Ra1 Bb1 32. Kf1 Rb8 33. Bb4 Rxb4 34.
cxb4 Bxb2 0-1

[Event "4NCL 2023-24"]
[Site "England ENG"]
[Date "2024.02.11"]
[Round "6.1"]
[Board "3"]
[White "Durak, Can"]
[Black "Lupulescu, Constantin"]
[Result "1/2-1/2"]
[WhiteTitle "FM"]
[BlackTitle "GM"]
[WhiteElo "2450"]
[BlackElo "2579"]
[WhiteTeam "Wood Green Youth"]
[BlackTeam "Manx Liberty"]
[WhiteFideId "44552971"]
[BlackFideId "1207822"]
[EventDate "2023.11.11"]

1. d4 d5 2. Bf4 Nf6 3. Nf3 c5 4. e3 Nc6 5. Nbd2 Bg4 6. c3 e6 7. Qb3 Qb6 8. h3
Bh5 9. Nh4 O-O-O 10. g4 Bg6 11. Qxb6 axb6 12. Nxg6 hxg6 13. Bg2 Ne8 14. O-O Bd6
15. Bxd6 Nxd6 16. Rac1 Kd7 17. dxc5 bxc5 18. c4 d4 19. Nb3 b6 20. exd4 Nxd4 21.
Nxd4 cxd4 22. b4 Rc8 23. Rfd1 Rxc4 24. Rxc4 Nxc4 25. Rxd4+ Nd6 26. a4 Rc8 27. a5
Rc1+ 28. Bf1 b5 29. Kg2 Kc7 30. h4 Rb1 31. Be2 Nc4 32. h5 g5 33. a6 Nd6 34. f4
f6 35. fxg5 fxg5 36. Bf3 Ra1 37. Bb7 Ra4 38. Kg3 Ra3+ 39. Kf2 Ra4 40. Kg3 Ra3+
41. Kf2 Ra4 1/2-1/2

[Event "4NCL 2023-24"]
[Site "England ENG"]
[Date "2024.02.11"]
[Round "6.1"]
[Board "4"]
[White "Csonka, Balazs"]
[Black "Willow, Jonah B"]
[Result "1-0"]
[WhiteTitle "IM"]
[BlackTitle "IM"]
[WhiteElo "2491"]
[BlackElo "2446"]
[WhiteTeam "Manx Liberty"]
[BlackTeam "Wood Green Youth"]
[WhiteFideId "742910"]
[BlackFideId "438804"]
[EventDate "2023.11.11"]

1. d4 Nf6 2. c4 e6 3. Nc3 Bb4 4. e3 c5 5. Bd3 O-O 6. Ne2 cxd4 7. exd4 d5 8. cxd5
Qxd5 9. O-O Qh5 10. Ne4 Nbd7 11. Bf4 Nxe4 12. Bxe4 Nf6 13. Bf3 Qb5 14. Nc3 Bxc3
15. bxc3 Nd5 16. Bd2 Qc6 17. a4 Bd7 18. Qb3 Rfc8 19. Rfc1 Qc4 20. Qxc4 Rxc4 21.
a5 Rac8 22. Be2 Bb5 23. Bxc4 Rxc4 24. f3 a6 25. Ra3 f6 26. Rb1 Kf7 27. Rab3 Kg6
28. Kf2 Bc6 29. Ke2 Bb5 30. Kf2 Bc6 31. Ke2 Bb5 32. Ke1 Rc7 33. h3 Bd3 34. R1b2
Bb5 35. Kf2 h6 36. Ke1 Kh7 37. Kf2 Kg6 38. h4 h5 39. Ke1 Kh7 40. Rxb5 axb5 41.
Rxb5 Nxc3 42. Rxh5+ Kg6 43. Rc5 Nd5 44. Rxc7 Nxc7 45. Ke2 Kh5 46. g3 g5 47. hxg5
fxg5 48. g4+ Kg6 49. Kd3 Nb5 50. Kc4 Na3+ 51. Kc5 Nc2 52. Kb6 Nxd4 53. Kxb7 1-0

[Event "4NCL 2023-24"]
[Site "England ENG"]
[Date "2024.02.11"]
[Round "6.1"]
[Board "5"]
[White "Derakhshani, Borna"]
[Black "Jaracz, Pawel"]
[Result "0-1"]
[WhiteTitle "FM"]
[BlackTitle "GM"]
[WhiteElo "2355"]
[BlackElo "2467"]
[WhiteTeam "Wood Green Youth"]
[BlackTeam "Manx Liberty"]
[WhiteFideId "12518450"]
[BlackFideId "1102222"]
[EventDate "2023.11.11"]

1. e4 c6 2. d4 d5 3. e5 Bf5 4. h4 h5 5. Bd3 Bxd3 6. Qxd3 e6 7. Nf3 Ne7 8. c4 Nf5
9. Nc3 dxc4 10. Qxc4 Nd7 11. Bg5 Nb6 12. Qd3 Be7 13. Ne4 f6 14. Bf4 Nd5 15. Bd2
Nb4 16. Bxb4 Bxb4+ 17. Kf1 fxe5 18. Neg5 Qd5 19. Rd1 exd4 20. Nxd4 O-O-O 21. Nf7
Rhf8 22. Nxd8 Rxd8 23. Nxf5 Qxd3+ 24. Rxd3 Rxd3 25. Ng3 g6 26. Rh3 Rd1+ 27. Ke2
Rd2+ 28. Kf3 Rxb2 29. Ne4 Rxa2 30. Kf4 a5 31. Rg3 a4 32. Rxg6 a3 33. g4 hxg4 34.
h5 Ra1 35. Rg8+ Kc7 36. Ra8 Kb6 37. Kg5 Re1 38. Nf6 Ba5 39. h6 a2 40. h7 Rh1 41.
Nh5 a1=Q 42. h8=Q Qc1+ 43. Kg6 Qc2+ 44. Kf7 Qf5+ 45. Kg8 Qg5+ 0-1

[Event "4NCL 2023-24"]
[Site "England ENG"]
[Date "2024.02.11"]
[Round "6.1"]
[Board "6"]
[White "Cyborowski, Lukasz"]
[Black "Czopor, Maciej"]
[Result "1/2-1/2"]
[WhiteTitle "GM"]
[BlackTitle "FM"]
[WhiteElo "2484"]
[BlackElo "2359"]
[WhiteTeam "Manx Liberty"]
[BlackTeam "Wood Green Youth"]
[WhiteFideId "1108760"]
[BlackFideId "21805431"]
[EventDate "2023.11.11"]

1. d4 Nf6 2. Nf3 e6 3. e3 d5 4. c4 Nbd7 5. Nc3 a6 6. b3 b6 7. cxd5 exd5 8. Bd3
Bb7 9. Qc2 Bd6 10. Bb2 O-O 11. O-O Re8 12. Rac1 Qe7 13. Ne2 Rac8 14. Bf5 g6 15.
Bh3 Ne4 16. Nf4 f5 17. Nd3 c5 18. dxc5 bxc5 19. Ba1 Ndf6 20. Nde5 d4 21. Nc4 Bc7
22. g3 dxe3 23. fxe3 Rcd8 24. Bg2 h6 25. Rcd1 1/2-1/2

[Event "4NCL 2023-24"]
[Site "England ENG"]
[Date "2024.02.11"]
[Round "6.1"]
[Board "7"]
[White "O'Donnell, Conor"]
[Black "Terbe, Julianna"]
[Result "1-0"]
[WhiteTitle "FM"]
[BlackTitle "WIM"]
[WhiteElo "2284"]
[BlackElo "2289"]
[WhiteTeam "Wood Green Youth"]
[BlackTeam "Manx Liberty"]
[WhiteFideId "2504243"]
[BlackFideId "708780"]
[EventDate "2023.11.11"]

1. c4 c6 2. Nf3 d5 3. e3 Nf6 4. Nc3 a6 5. d4 e6 6. Qc2 c5 7. cxd5 exd5 8. Be2
Be6 9. O-O Nc6 10. Rd1 Nb4 11. Qb1 Qc8 12. Bd2 Bf5 13. Qc1 c4 14. a3 Nd3 15.
Bxd3 Bxd3 16. Ne5 Bf5 17. e4 dxe4 18. Bg5 Qe6 19. Qf4 Bd6 20. f3 exf3 21. Qxf3
Bxe5 22. dxe5 Nd7 23. Rd6 Qxe5 24. Rd5 Qe6 25. Qxf5 Qxf5 26. Rxf5 f6 27. Re1+
Kf7 28. Bf4 Rhe8 29. Rd1 Nf8 30. a4 Ne6 31. Be3 Re7 32. Kf2 g6 33. Rf3 f5 34. g4
Ng7 35. Bg5 Rc7 36. Bh6 Ne8 37. gxf5 gxf5 38. Rg1 Rc5 39. Ne4 Re5 40. Ng5+ Ke7
41. Nxh7 b5 42. Bg5+ Kf7 43. Bf4 Rd5 44. Ng5+ Kf6 45. Re1 Ng7 46. Rh3 Kg6 47.
Rg1 Rg8 48. Nf3+ Kf7 49. Rh7 Kf6 50. Be5+ 1-0

[Event "4NCL 2023-24"]
[Site "England ENG"]
[Date "2024.02.11"]
[Round "6.1"]
[Board "8"]
[White "Kolbus, Dietmar"]
[Black "Kalaiyalahan, Akshaya"]
[Result "1/2-1/2"]
[WhiteTitle "IM"]
[BlackTitle "FM"]
[WhiteElo "2231"]
[BlackElo "2137"]
[WhiteTeam "Manx Liberty"]
[BlackTeam "Wood Green Youth"]
[WhiteFideId "4610628"]
[BlackFideId "422894"]
[EventDate "2023.11.11"]

1. c4 e6 2. Nf3 Nf6 3. b3 d5 4. Bb2 Nbd7 5. g3 Nb6 6. Bg2 Be7 7. O-O O-O 8. d3
c5 9. e3 Bd7 10. Nbd2 Rc8 11. Qc2 Be8 12. Rac1 Nfd7 13. Qb1 f6 14. Bh3 Bf7 15.
Rfd1 Bd6 16. d4 Qe7 17. cxd5 exd5 18. Nh4 g6 19. dxc5 Rxc5 20. Nhf3 Be6 21.
Bxe6+ Qxe6 22. Kg2 Rfc8 23. Nd4 Qe7 24. Rxc5 Bxc5 25. Rc1 Re8 26. Qd3 a6 27.
N4f3 Ne5 28. Qe2 Bd6 29. Bd4 Nbd7 30. Nb1 Nc6 31. Bb2 Qf7 32. Rd1 Nb6 33. Nd4
Ne5 34. Ba3 Bxa3 35. Nxa3 Rc8 36. Nac2 Qe7 37. Ne1 Rc7 38. h3 Nf7 39. Ndf3 Nd6
40. Qb2 Ne4 41. Rc1 Rxc1 42. Qxc1 Qc5 43. Qxc5 Nxc5 44. Nd2 Kf7 45. Kf3 Ke6 46.
Ke2 Ne4 47. Nb1 Nd7 48. Nf3 Ne5 49. Nd4+ Kd6 50. g4 Nc6 51. f3 Nxd4+ 52. exd4
Ng5 53. h4 Ne6 54. Ke3 1/2-1/2

[Event "4NCL 2023-24"]
[Site "England ENG"]
[Date "2024.02.11"]
[Round "6.2"]
[Board "1"]
[White "Grieve, Harry"]
[Black "Camacho Collados, Jose"]
[Result "1-0"]
[WhiteTitle "IM"]
[BlackTitle "IM"]
[WhiteElo "2470"]
[BlackElo "2370"]
[WhiteTeam "The Sharks 1"]
[BlackTeam "Chessable White Rose 1"]
[WhiteFideId "426520"]
[BlackFideId "2265427"]
[EventDate "2023.11.11"]

1. e4 e5 2. Nf3 Nc6 3. Bb5 a6 4. Ba4 Nf6 5. O-O b5 6. Bb3 Bc5 7. a4 Rb8 8. Nxe5
Nxe5 9. d4 Bxd4 10. Qxd4 d6 11. f4 Nc6 12. Qc3 Bb7 13. e5 Ne4 14. Qe3 Ne7 15.
axb5 axb5 16. Ra7 d5 17. Nd2 Nf5 18. Qh3 Nd4 19. Nxe4 dxe4 20. Be3 c5 21. Raa1
c4 22. Rfd1 Bc8 23. Qh5 g6 24. Qh6 Ne2+ 25. Kf1 Qc7 26. Ra7 Rb7 27. Rxb7 Bxb7
28. Qg7 Rf8 29. Ba2 Bc8 30. Rd6 Qe7 31. Kxe2 Qh4 32. Qf6 1-0

[Event "4NCL 2023-24"]
[Site "England ENG"]
[Date "2024.02.11"]
[Round "6.2"]
[Board "2"]
[White "Palliser, Richard J D"]
[Black "Roberson, Peter T"]
[Result "0-1"]
[WhiteTitle "IM"]
[BlackTitle "IM"]
[WhiteElo "2375"]
[BlackElo "2424"]
[WhiteTeam "Chessable White Rose 1"]
[BlackTeam "The Sharks 1"]
[WhiteFideId "407372"]
[BlackFideId "412384"]
[EventDate "2023.11.11"]

1. d4 e6 2. c4 Nf6 3. Nc3 Bb4 4. f3 c5 5. d5 d6 6. e4 b5 7. Bd2 a6 8. a3 Ba5 9.
Nge2 exd5 10. Nxd5 Nxd5 11. cxd5 O-O 12. Ng3 Bb6 13. Be2 c4 14. a4 f5 15. exf5
Qh4 16. axb5 Bxf5 17. Qc1 Bd3 18. Bxd3 cxd3 19. Qc3 Nd7 20. Qc6 Rfe8+ 21. Kd1
Ne5 22. Qxb6 Nc4 23. Qc6 Rac8 24. Bc3 Rxc6 25. bxc6 Qf4 0-1

[Event "4NCL 2023-24"]
[Site "England ENG"]
[Date "2024.02.11"]
[Round "6.2"]
[Board "3"]
[White "Makkar, Rajat"]
[Black "Colovic, Aleksandar"]
[Result "1-0"]
[WhiteTitle "FM"]
[BlackTitle "GM"]
[WhiteElo "2434"]
[BlackElo "2433"]
[WhiteTeam "The Sharks 1"]
[BlackTeam "Chessable White Rose 1"]
[WhiteFideId "36016810"]
[BlackFideId "15000729"]
[EventDate "2023.11.11"]

1. d4 Nf6 2. Nf3 b6 3. g3 Bb7 4. Bg2 g6 5. c4 Bg7 6. Nc3 Ne4 7. O-O Nxc3 8. bxc3
d6 9. Re1 Nc6 10. Nd2 Na5 11. Bxb7 Nxb7 12. Nb3 Qd7 13. Qd3 O-O 14. e4 Rac8 15.
f4 e6 16. Be3 c6 17. Rad1 d5 18. e5 Rfd8 19. c5 Qc7 20. Qa6 Ra8 21. g4 Rdb8 22.
Rf1 Re8 23. f5 exf5 24. gxf5 bxc5 25. Qe2 cxd4 26. cxd4 c5 27. Rc1 c4 28. Nd2
Qd7 29. Qg2 Rac8 30. Nb1 Na5 31. Nc3 Rcd8 32. Bg5 Nc6 33. Bxd8 Rxd8 34. Rcd1 Nb4
35. Rb1 Nc6 36. Rbd1 Nb4 37. Kh1 Nd3 38. f6 Bh6 39. Rb1 a6 40. Rb6 Nf4 41. Rxf4
Bxf4 42. Nxd5 Qa7 43. Qe4 c3 44. Rd6 Rb8 45. Nxf4 h5 46. Nd5 Kh7 47. Nxc3 Rc8
48. Ne2 Qc7 49. Kg2 Qa5 50. Rd7 1-0

[Event "4NCL 2023-24"]
[Site "England ENG"]
[Date "2024.02.11"]
[Round "6.2"]
[Board "4"]
[White "Emms, John M"]
[Black "Fernandez, Daniel Howard"]
[Result "1/2-1/2"]
[WhiteTitle "GM"]
[BlackTitle "GM"]
[WhiteElo "2442"]
[BlackElo "2532"]
[WhiteTeam "Chessable White Rose 1"]
[BlackTeam "The Sharks 1"]
[WhiteFideId "400254"]
[BlackFideId "5801605"]
[EventDate "2023.11.11"]

1. e4 e6 2. d4 d5 3. Nd2 c5 4. exd5 Qxd5 5. Ngf3 cxd4 6. Bc4 Qd6 7. O-O Nf6 8.
Nb3 Nc6 9. Nbxd4 Nxd4 10. Nxd4 a6 11. Re1 Qc7 12. Bd3 Bd6 13. h3 Bh2+ 14. Kh1
Bf4 15. Bxf4 Qxf4 16. Kg1 O-O 17. Ne2 Qb4 18. b3 Bd7 19. a3 Qa5 20. b4 Qg5 21.
Qc1 Qxc1 22. Rexc1 e5 23. c4 Rfd8 24. Rc3 b5 25. Ng3 bxc4 26. Bxc4 Rdc8 27. Rac1
Kf8 28. f3 h5 29. h4 a5 30. b5 a4 31. Bf1 g6 32. Ne4 Rxc3 33. Rxc3 Nxe4 34. fxe4
Ke7 35. Rc5 f6 36. Kf2 Kd6 37. Rd5+ Ke7 38. Rc5 Kd6 39. Rd5+ Ke7 40. Rc5 1/2-1/2

[Event "4NCL 2023-24"]
[Site "England ENG"]
[Date "2024.02.11"]
[Round "6.2"]
[Board "5"]
[White "Moreby, James"]
[Black "Wells, Peter K"]
[Result "1/2-1/2"]
[WhiteTitle "FM"]
[BlackTitle "GM"]
[WhiteElo "2260"]
[BlackElo "2351"]
[WhiteTeam "The Sharks 1"]
[BlackTeam "Chessable White Rose 1"]
[WhiteFideId "427756"]
[BlackFideId "400327"]
[EventDate "2023.11.11"]

1. c4 Nf6 2. Nc3 e5 3. Nf3 Nc6 4. e4 Bb4 5. d3 O-O 6. a3 Bxc3+ 7. bxc3 d6 8. g3
Ne7 9. Bg2 Ng6 10. O-O c6 11. Qb3 h6 12. Ne1 Nd7 13. Be3 Nc5 14. Qc2 Qe7 15. d4
Nd7 16. f4 exf4 17. gxf4 f5 18. e5 Nb6 19. Qe2 dxe5 20. fxe5 f4 21. c5 fxe3 22.
Rxf8+ Qxf8 23. cxb6 axb6 24. Nc2 Nf4 25. Qxe3 Nxg2 26. Kxg2 Qf5 27. Nb4 Qg4+ 28.
Qg3 Qe2+ 29. Qf2 Bh3+ 30. Kg1 Qg4+ 31. Qg3 Qf5 32. Nd3 Qg4 33. Nf2 Qxg3+ 34.
hxg3 Bf5 35. g4 Bg6 36. Kf1 Kf7 37. Ke2 Ra4 38. Nd1 Ke6 39. Nb2 Ra8 40. Ke3 b5
41. c4 bxc4 42. Nxc4 b5 43. Nb2 c5 44. a4 cxd4+ 45. Kxd4 Rd8+ 46. Ke3 bxa4 47.
Rxa4 Kxe5 1/2-1/2

[Event "4NCL 2023-24"]
[Site "England ENG"]
[Date "2024.02.11"]
[Round "6.2"]
[Board "6"]
[White "Turner, Max N"]
[Black "Ghasi, Ameet K"]
[Result "1-0"]
[WhiteTitle "CM"]
[BlackTitle "IM"]
[WhiteElo "2269"]
[BlackElo "2485"]
[WhiteTeam "Chessable White Rose 1"]
[BlackTeam "The Sharks 1"]
[WhiteFideId "447722"]
[BlackFideId "409200"]
[EventDate "2023.11.11"]

1. d4 Nf6 2. c4 g6 3. g3 Bg7 4. Bg2 O-O 5. Nc3 d6 6. Nf3 c6 7. O-O Bf5 8. Ne1 e5
9. d5 cxd5 10. cxd5 a5 11. e4 Bd7 12. a4 Na6 13. Nd3 b6 14. Bd2 Ne8 15. Qb3 Nc5
16. Nxc5 bxc5 17. Nb1 f5 18. Na3 fxe4 19. Nc4 Bg4 20. Bxe4 Nf6 21. Bg2 Be2 22.
Rfc1 Rb8 23. Qa3 Bxc4 24. Rxc4 e4 25. Bh3 Nd7 26. Be6+ Kh8 27. Bc3 Bxc3 28.
Qxc3+ Ne5 29. Rxe4 Rf3 30. Re3 Rxe3 31. Qxe3 Qf6 32. Rc1 g5 33. b3 Rb4 34. Rc3
h6 35. Qe2 g4 36. Qa6 Qf8 37. Qxa5 h5 38. Qxb4 cxb4 39. Rc8 Nf3+ 40. Kg2 Qxc8
41. Bxc8 Nd4 42. a5 Nb5 43. a6 Kg7 44. Bd7 Na7 45. h3 1-0

[Event "4NCL 2023-24"]
[Site "England ENG"]
[Date "2024.02.11"]
[Round "6.2"]
[Board "7"]
[White "Garcia Martin, Marta"]
[Black "Wall, Tim P"]
[Result "1-0"]
[WhiteTitle "IM"]
[BlackTitle "FM"]
[WhiteElo "2356"]
[BlackElo "2191"]
[WhiteTeam "The Sharks 1"]
[BlackTeam "Chessable White Rose 1"]
[WhiteFideId "32084030"]
[BlackFideId "401641"]
[EventDate "2023.11.11"]

1. e4 d5 2. exd5 Qxd5 3. Nf3 Bg4 4. Be2 Nc6 5. d4 O-O-O 6. Be3 e5 7. c4 Qa5+ 8.
Bd2 Qa6 9. d5 Bxf3 10. gxf3 Nd4 11. Be3 Bc5 12. Bd3 Qf6 13. Kf1 Qh4 14. h3 f5
15. Nc3 f4 16. Bxd4 Bxd4 17. Qc2 a6 18. b4 Nf6 19. Rb1 g5 20. Ne4 Nxe4 21. Bxe4
Kb8 22. c5 g4 23. fxg4 h5 24. b5 a5 25. b6 c6 26. dxc6 bxc6 27. Rh2 Qe7 28. Qc4
Bxc5 29. Qa6 Qb7 30. Qxa5 Bd4 31. g5 h4 32. Rg2 f3 33. Rg4 Rd5 34. Bxd5 cxd5 35.
g6 Rg8 36. Rxh4 e4 37. Rh7 Bg7 38. Rc1 1-0